[Event "EU-ch 9th"]
[Site "Plovdiv"]
[Date "2008.04.21"]
[Round "1"]
[White "Logothetis, Sotirios"]
[Black "Balogh, Csaba"]
[Result "1/2-1/2"]
[WhiteElo "2291"]
[BlackElo "2559"]
[PlyCount "56"]
[EventDate "2008.04.21"]
[EventType "swiss"]
[EventRounds "11"]
[EventCountry "BUL"]
[SourceTitle "CBM 124"]
[Source "ChessBase"]
[SourceDate "2008.05.28"]
[SourceVersion "1"]
[SourceVersionDate "2008.05.28"]
[SourceQuality "1"]

1. Nf3 d5 2. d4 Nf6 3. c4 c6 4. Nc3 dxc4 5. e3 g6 6. Bxc4 Bg7 7. 0-0 0-0 8. h3 b5 9. Bd3 Nbd7 10. e4 Nb6 11. Be3 Be6 12. Ne5 Rc8 13. Rc1 Nfd7 14. Nxd7 Bxd7 15. b3 e5 16. dxe5 Bxe5 17. f4 Bg7 18. Bc5 Re8 19. e5 Rc7 20. Ne4 Nc8 21. Nd6 Nxd6 22. Bxd6 Rc8 23. Qf3 Bf8 24. Bxf8 Rxf8 25. f5 Qg5 26. Qf4 Qxf4 27. Rxf4 gxf5 28. Bxf5 Bxf5 1/2-1/2

[Event "Athens Acropolis op"]
[Site "Athens"]
[Date "2007.08.22"]
[Round "9.16"]
[White "Logothetis, Sotirios"]
[Black "Managadze, Nikoloz"]
[Result "0-1"]
[WhiteElo "2300"]
[BlackElo "2433"]
[PlyCount "70"]
[EventDate "2007.08.14"]
[EventType "swiss"]
[EventRounds "9"]
[EventCountry "GRE"]
[SourceTitle "CBM 119 Extra"]
[Source "ChessBase"]
[SourceDate "2007.09.04"]
[SourceVersion "1"]
[SourceVersionDate "2007.09.04"]
[SourceQuality "1"]

1. Nf3 c5 2. c4 d6 3. d4 cxd4 4. Nxd4 Nf6 5. Nc3 e6 6. e4 a6 7. Be2 Be7 8. 0-0 0-0 9. Be3 Qc7 10. Qd2 b6 11. f3 Nbd7 12. Rfd1 Bb7 13. Rac1 Rac8 14. a3 Qb8 15. b4 Rfe8 16. Bf1 h6 17. Kh1 Ne5 18. Na4 Nfd7 19. Nb3 Bc6 20. b5 axb5 21. cxb5 Ba8 22. Qf2 Rxc1 23. Rxc1 d5 24. Nxb6 dxe4 25. Nxd7 Nxd7 26. fxe4 Bxa3 27. Rd1 Nf6 28. Qa2 Bf8 29. Qd2 Nxe4 30. Qd4 Bd6 31. Bg1 Be5 32. Qd7 Bd5 33. Na5 Rd8 34. Qa7 Bxh2 35. Qxb8 Bxb8 0-1

[Event "Athens Acropolis op"]
[Site "Athens"]
[Date "2007.08.19"]
[Round "6.28"]
[White "Papadopoulou, Vera"]
[Black "Logothetis, Sotirios"]
[Result "1/2-1/2"]
[WhiteElo "2192"]
[BlackElo "2300"]
[PlyCount "106"]
[EventDate "2007.08.14"]
[EventType "swiss"]
[EventRounds "9"]
[EventCountry "GRE"]
[SourceTitle "CBM 119 Extra"]
[Source "ChessBase"]
[SourceDate "2007.09.04"]
[SourceVersion "1"]
[SourceVersionDate "2007.09.04"]
[SourceQuality "1"]

1. d4 d5 2. Nf3 Nf6 3. c4 c6 4. cxd5 cxd5 5. Nc3 Nc6 6. Bf4 a6 7. Rc1 Nh5 8. Bg5 h6 9. Bd2 Nf6 10. Bf4 Bf5 11. a3 e6 12. e3 Be7 13. Bd3 Bxd3 14. Qxd3 0-0 15. 0-0 Na5 16. Ne5 b5 17. Bg3 Nc4 18. Rc2 Rc8 19. a4 Qa5 20. axb5 axb5 21. Nb1 Nxe5 22. Bxe5 Rc4 23. b3 Rxc2 24. Qxc2 Ra8 25. Rc1 Bb4 26. Bxf6 gxf6 27. Qc6 Kg7 28. h3 Ra6 29. Qe8 Ra8 30. Qd7 Ra7 31. Qe8 Rc7 32. Rxc7 Qxc7 33. Qxb5 Qc1+ 34. Qf1 Qc2 35. g3 Qxb3 36. Qc1 Qa2 37. Qd1 Qb2 38. Kg2 Kf8 39. Kg1 Ke7 40. Kg2 Kd6 41. Qf1 Kc7 42. Qd1 Kb6 43. Kf3 Qa2 44. Kg2 Kb5 45. Kf3 Kb6 46. Kg2 e5 47. g4 Kb5 48. Qd3+ Qc4 49. Qd1 e4 50. Kg3 Qd3 51. Qc1 Qc4 52. Na3+ Bxa3 53. Qxa3 Qc7+ 1/2-1/2

[Event "Athens Acropolis op"]
[Site "Athens"]
[Date "2007.08.18"]
[Round "5.17"]
[White "Logothetis, Sotirios"]
[Black "Svetushkin, Dmitry"]
[Result "0-1"]
[WhiteElo "2300"]
[BlackElo "2618"]
[PlyCount "70"]
[EventDate "2007.08.14"]
[EventType "swiss"]
[EventRounds "9"]
[EventCountry "GRE"]
[SourceTitle "CBM 119 Extra"]
[Source "ChessBase"]
[SourceDate "2007.09.04"]
[SourceVersion "1"]
[SourceVersionDate "2007.09.04"]
[SourceQuality "1"]

1. d4 d5 2. c4 c6 3. Nf3 Nf6 4. Nc3 e6 5. Bg5 Nbd7 6. cxd5 exd5 7. e3 Be7 8. Qc2 Nh5 9. Bxe7 Qxe7 10. 0-0-0 Nb6 11. Ne5 Nf6 12. h3 Ne4 13. Kb1 Bf5 14. Nd3 a5 15. Ka1 Nc4 16. g4 Nxc3 17. Qxc3 Be4 18. Rg1 a4 19. Be2 Bxd3 20. Bxd3 b5 21. a3 0-0 22. g5 Rac8 23. Qb4 Qa7 24. Bf5 c5 25. dxc5 Rxc5 26. Bg4 Na5 27. Kb1 Nc6 28. Qd2 b4 29. axb4 Rb5 30. Be2 Rxb4 31. Rg4 Rb6 32. Qxd5 Rfb8 33. Rc4 Rxb2+ 34. Kc1 Rxe2 35. Qxc6 Rb1+ 0-1

[Event "Kavala op 16th"]
[Site "Kavala"]
[Date "2007.08.08"]
[Round "5"]
[White "Marjanovic, Slavoljub"]
[Black "Logothetis, Sotirios"]
[Result "1-0"]
[WhiteElo "2480"]
[BlackElo "2300"]
[PlyCount "85"]
[EventDate "2007.08.05"]
[EventType "swiss"]
[EventRounds "9"]
[EventCountry "GRE"]
[SourceTitle "CBM 119 Extra"]
[Source "ChessBase"]
[SourceDate "2007.09.04"]
[SourceVersion "1"]
[SourceVersionDate "2007.09.04"]
[SourceQuality "1"]

1. e4 e5 2. Nf3 Nc6 3. Bb5 a6 4. Ba4 Nf6 5. 0-0 Be7 6. Re1 b5 7. Bb3 d6 8. c3 0-0 9. h3 Rb8 10. d4 exd4 11. cxd4 d5 12. e5 Ne4 13. Nc3 Nxc3 14. bxc3 Bf5 15. Bf4 Qd7 16. g4 Bg6 17. Bg3 Rb6 18. Nd2 Na5 19. f4 Nxb3 20. axb3 c5 21. f5 Bxf5 22. gxf5 Qxf5 23. Kg2 Rh6 24. Qg4 Qc2 25. Qe2 Qxc3 26. dxc5 Qxc5 27. Nf3 Qc8 28. Rh1 Qc3 29. Rhc1 Qb4 30. Qd3 Rg6 31. Kh2 h5 32. Nd4 Bg5 33. Rc7 Qd2+ 34. Qxd2 Bxd2 35. Rf1 Ba5 36. Rd7 Bb6 37. Nf5 Kh7 38. Ne7 Re6 39. Nxd5 Rc8 40. Nxb6 Rxb6 41. Rfxf7 Rg6 42. e6 Rc3 43. Rxg7+ 1-0

[Event "EU-ch 8th"]
[Site "Dresden"]
[Date "2007.04.13"]
[Round "10"]
[White "Pert, Richard G"]
[Black "Logothetis, Sotirios"]
[Result "1/2-1/2"]
[WhiteElo "2455"]
[BlackElo "2221"]
[PlyCount "104"]
[EventDate "2007.04.03"]
[EventType "swiss"]
[EventRounds "11"]
[EventCountry "GER"]
[SourceTitle "CBM 118"]
[Source "ChessBase"]
[SourceDate "2007.05.31"]
[SourceVersion "1"]
[SourceVersionDate "2007.05.31"]
[SourceQuality "1"]

1. d4 d5 2. Nf3 Nf6 3. c4 dxc4 4. e3 e6 5. Bxc4 c5 6. 0-0 a6 7. dxc5 Bxc5 8. Qxd8+ Kxd8 9. Nbd2 Ke7 10. Be2 Bd7 11. Nb3 Bb6 12. Ne5 Bb5 13. Bxb5 axb5 14. Bd2 Na6 15. Rfc1 Ne4 16. Be1 Rac8 17. Kf1 Rhd8 18. Ke2 Nd6 19. Rxc8 Rxc8 20. Rc1 Rxc1 21. Nxc1 f6 22. Ned3 e5 23. Kd1 Kd7 24. Kc2 Ne4 25. Nb3 Nec5 26. Ndxc5+ Nxc5 27. Nxc5+ Bxc5 28. Kd3 f5 29. f3 g6 30. h3 h5 31. g3 Ke6 32. e4 Bd4 33. b3 Bc5 34. g4 hxg4 35. hxg4 fxg4 36. fxg4 Bd4 37. Bb4 Kf6 38. Bd2 Ke6 39. Bh6 Kd6 40. Bf8+ Kc6 41. Bb4 Bg1 42. Bc3 Bh2 43. Be1 Bg1 44. Bd2 Bf2 45. Bc3 Bg3 46. Bb2 Bf4 47. Ba3 Bh2 48. Bf8 Bg1 49. Bb4 Bh2 50. Bd2 Bg1 51. Be1 Bh2 52. Bf2 Bf4 1/2-1/2